00572nam a2200181Ia 4500003000900000008004100009040001600050080001600066100002600082245008600108260004800194300001500242490004700257500002600304650001900330650001900349700002200368IN-BaIIA211028s9999 xx 000 0 eng d cIIA Library a539.18bMIT aMitchell, Allan C. G. 0aResonance radiation and excited atomscAllan C. Mitchell G. and Mark W. Zemansky aCambridgebCambridge University Pressc1934 axvu, 338p. aThe Cambridge Series of Physical Chemistry aDonated by Mrs. Bappu aAtomic Physics aNASA Thesaurus aZemansky, Mark W.